Летопись Серафимо-Дивеевского монастыря Нижегородской губернии Ардатовского уезда с жизнеописанием основателей ее: преподобного Серафима и схимонахини Александры, урожденной А.С. Мельгуновой (Запись № 927796)

Подробности
000 -МАРКЕР
контрольное поле 02161nam0a2200349 4500
001 - ИДЕНТИФИКАТОР ЗАПИСИ
контрольное поле RU\NLR\bibl\1071983
005 - ИДЕНТИФИКАТОР ВЕРСИИ
контрольное поле 20260407125755.0
010 ## - МЕЖДУНАРОДНЫЙ СТАНДАРТНЫЙ НОМЕР КНИГИ (ISBN)
Номер (ISBN) 5-98317-096-1
Тираж 11000
021 ## - НОМЕР ГОСУДАРСТВЕННОЙ РЕГИСТРАЦИИ
Код страны Российская Федерация
Номер 2007-13674
Номер Листа государственной регистраци 732
035 ## - ДРУГИЕ СИСТЕМНЫЕ НОМЕРА
Идентификатор записи (NLR Aleph) 001059209
100 ## - ДАННЫЕ ОБЩЕЙ ОБРАБОТКИ
Данные общей обработки 20070411d2007 |||y0rusy50 ca
101 0# - ЯЗЫК РЕСУРСА
Язык текста, звукозаписи и т.д. русский
102 ## - СТРАНА ПУБЛИКАЦИИ ИЛИ ПРОИЗВОДСТВА
Страна публикации Российская Федерация
105 ## - ПОЛЕ КОДИРОВАННЫХ ДАННЫХ: ТЕКСТОВЫЕ МАТЕРИАЛЫ, МОНОГРАФИЧЕСКИЕ
Кодированные данные о монографическом текстовом документе a |||||||||
200 1# - ЗАГЛАВИЕ И СВЕДЕНИЯ ОБ ОТВЕТСТВЕННОСТИ
Основное заглавие Летопись Серафимо-Дивеевского монастыря Нижегородской губернии Ардатовского уезда с жизнеописанием основателей ее: преподобного Серафима и схимонахини Александры, урожденной А.С. Мельгуновой
Первые сведения об ответственности сост. архим. Серафим (Чичагов)
210 ## - ПУБЛИКАЦИЯ, РАСПРОСТРАНЕНИЕ И ДР.
Место издания, распространения и т.д. Москва
Имя издателя, распространителя и т. д. Свято-Троицкий Серафимо-Дивеевский монастырь
-- Ковчег
Дата издания, распространения и т.д. 2007
215 ## - ФИЗИЧЕСКАЯ ХАРАКТЕРИСТИКА
Специфическое обозначение материала и объем 894, [1] с., [17] л. ил., портр.
Размеры 22
320 ## - ПРИМЕЧАНИЯ О НАЛИЧИИ В ДОКУМЕНТЕ БИБЛИОГРАФИИ / УКАЗАТЕЛЯ
Текст примечания Библиогр.: с. 14-18
601 02 - НАИМЕНОВАНИЕ ОРГАНИЗАЦИИ КАК ПРЕДМЕТ
Начальный элемент ввода Троицкий Серафимо-Дивеевский женский монастырь
Идентифицирующий признак Нижегородская область
Системный номер авторитетной/нормативной записи 1597032
Идентификатор авторитетной/нормативной записи RU\NLR\auth\661001000
686 ## - ИНДЕКСЫ ДРУГИХ КЛАССИФИКАЦИЙ
Индекс Э372.24-647.2
702 #0 - ИМЯ ЛИЦА - ВТОРИЧНАЯ ОТВЕТСТВЕННОСТЬ
Код отношения Прочие
Материалы, к которым относится поле rus
Графика поля Кириллица
Начальный элемент ввода Александра
Дополнения к именам, кроме дат Мельгунова, Агафия Семеновна
-- схимонахиня
Даты -1789
Идентификатор авторитетной/нормативной записи RU\NLR\AUTH\7711207
Системный номер авторитетной/нормативной записи 120961
702 #0 - ИМЯ ЛИЦА - ВТОРИЧНАЯ ОТВЕТСТВЕННОСТЬ
Код отношения Прочие
Материалы, к которым относится поле rus
Графика поля Кириллица
Начальный элемент ввода Серафим Саровский
Дополнения к именам, кроме дат Мошнин, Прохор Сидорович
-- иеромонах
Даты 1759-1833
Идентификатор авторитетной/нормативной записи RU\NLR\AUTH\774071
Системный номер авторитетной/нормативной записи 114058
702 #0 - ИМЯ ЛИЦА - ВТОРИЧНАЯ ОТВЕТСТВЕННОСТЬ
Код отношения Автор
Материалы, к которым относится поле rus
Графика поля Кириллица
Начальный элемент ввода Серафим
Дополнения к именам, кроме дат Чичагов, Леонид Михайлович
-- митрополит Ленинградский и Новгородский
Даты 1856-1937
Идентификатор авторитетной/нормативной записи RU\NLR\AUTH\7715497
Системный номер авторитетной/нормативной записи 125146
711 02 - НАИМЕНОВАНИЕ ОРГАНИЗАЦИИ - АЛЬТЕРНАТИВНАЯ ОТВЕТСТВЕННОСТЬ
Начальный элемент ввода Троицкий Серафимо-Дивеевский женский монастырь
Идентифицирующий признак Нижегородская обл.
Идентификатор авторитетной/нормативной записи RU\NLR\AUTH\889971954
Системный номер авторитетной/нормативной записи 440422
801 #0 - ИСТОЧНИК ЗАПИСИ
Страна Российская Федерация
Организация NLR
Дата составления 20070411
Правила каталогизации RCR
801 #1 - ИСТОЧНИК ЗАПИСИ
Страна Российская Федерация
Организация NLR
Дата составления 20070411
942 ## - ДОПОЛНИТЕЛЬНЫЕ ЭЛЕМЕНТЫ ЗАПИСИ (АБИС)
Тип экземпляра АБИС Книга
980 ## - КОЛЛЕКЦИЯ
Название коллекции Национальная библиография
Экземпляры
Тип экземпляра Дата поступления Источник поступления Библиотека постоянного хранения Библиотека текущего хранения Место хранения Шифр хранения Штрих-код Статус экземпляра
Книга 11.04.2007 Обязательный экземпляр РНБ (Московский) РНБ (Московский) Русский книжный фонд: издания с 1957 года 2007-5/3418 2409244  
Книга 11.04.2007 Обязательный экземпляр РНБ (Московский) РНБ (Московский) Русский книжный фонд: издания с 1957 года 2007-5/3418 2409250